Statystyki dla Stany Meksyku graniczące ze Stanami Zjednoczonymi

Kliknij tutaj aby rozwiązać quiz!

Ogólne statystyki

  • Ten quiz został rozwiązany 10 razy
  • Średni wynik to 5 z 6

Statystyki odpowiedzi

Stan% Poprawnych
1.Chihuahua
100%
3.Kalifornia Dolna
90%
5.Sonora
90%
6.Tamaulipas
90%
2.Coahuila
80%
4.Nuevo Leon
70%

Rozkład punktacji

Percentyl według liczby udzielonych odpowiedzi

Procent ludzi z każdym wynikiem

Twoja historia wyników

Nie rozwiązałeś tego quizu